Licences relating to the occupation or use of land
| Main Author: | |
|---|---|
| Format: | Book |
| Published: |
London :
Butterworths ,
c1979
|
| Series: | Includes index
|
| Subjects: |
MARC
| LEADER | 00000cam a2200000 7i4500 | ||
|---|---|---|---|
| 001 | 0000000836 | ||
| 005 | 20050628.0 | ||
| 020 | |a 040617556x | ||
| 040 | |a INS | ||
| 090 | 0 | 0 | |a KD833. |b D39 1979 |
| 100 | 1 | |a Dawson, I. J. | |
| 245 | 1 | 0 | |a Licences relating to the occupation or use of land |c I. J. Dawson and Robert A. Pearce |
| 260 | |a London : |b Butterworths , |c c1979 | ||
| 300 | |a xxxivp : |b 239p ; |c 25 cm. | ||
| 440 | 0 | |a Includes index | |
| 650 | 0 | 0 | |a Licenses |x Rates and tables |
| 999 | |a 0000000306 |b BOOK |c Open Shelf |e Default branch | ||